|
|
|
|
| LEADER |
00590cam a2200169 7i4500 |
| 001 |
0000050780 |
| 005 |
20161122090000.0 |
| 020 |
|
|
|a 9789834708610
|
| 090 |
0 |
0 |
|a TK7868.D5
|b S25 2013
|
| 100 |
0 |
|
|a Salina Muhamad
|
| 245 |
1 |
0 |
|a Digital electronics
|c Salina Muhamad, Muhammad Nazir Mohammed Khalid.
|
| 260 |
|
|
|a Shah Alam, Selangor:
|b Oxford Fajar Sdn. Bhd.,
|c 2013.
|
| 300 |
|
|
|a xiv, 298 p.;
|c 25 cm.
|
| 504 |
|
|
|a Includes bibliographical references and index
|
| 650 |
0 |
0 |
|a Digital electronics
|
| 700 |
0 |
|
|a Muhammad Nazir Mohammed Khalid
|
| 999 |
|
|
|a 0000060555
|b BOK
|c OPEN SHELF
|e 2nd Floor, Bestari Jaya
|